[Event "Madurai Athens of the East op 3rd"]
[Site "Madurai"]
[Date "2023.12.29"]
[Round "9"]
[White "Marthandan, KU."]
[Black "Podolchenko, Evgeniy"]
[Result "0-1"]
[WhiteElo "1926"]
[BlackElo "2376"]
[PlyCount "98"]
[EventDate "2023.12.23"]
[EventType "swiss"]
[EventRounds "10"]
[EventCountry "IND"]
[SourceTitle "CB06_2024"]
[SourceDate "2024.02.07"]
[SourceVersion "1"]
[SourceVersionDate "2024.02.07"]
[SourceQuality "1"]

1. d4 Nf6 2. Nf3 e6 3. Bf4 b6 4. e3 Bb7 5. Bd3 Nh5 6. Bg5 Be7 7. Bxe7 Qxe7 8. Qe2 d6 9. Nbd2 a6 10. 0-0 Nd7 11. Ne1 g6 12. c4 0-0 13. g3 c5 14. Be4 Bxe4 15. Nxe4 cxd4 16. exd4 Rac8 17. Nc3 Qd8 18. Nc2 Qc7 19. Ne3 Qb7 20. a4 Nhf6 21. d5 e5 22. f4 exf4 23. Rxf4 Rce8 24. Raf1 Nh5 25. R4f2 Qc8 26. Qd3 Ne5 27. Qd4 Qc5 28. Qxc5 bxc5 29. g4 Nd3 30. gxh5 Rxe3 31. Rf6 Nxb2 32. Nd1 Nxd1 33. Rxd1 Rd8 34. h6 Rh3 35. Rb1 Rxh6 36. Rb7 Rf8 37. Rxd6 Rh4 38. Rxa6 Rxc4 39. d6 Rd4 40. a5 Kg7 41. Rc6 Re8 42. Rcc7 Rg4+ 43. Kf2 Rf4+ 44. Kg3 g5 45. a6 Re3+ 46. Kg2 Re2+ 47. Kg3 h5 48. a7 h4+ 49. Kh3 Re3+ 0-1

[Event "IND-ch U19"]
[Site "Dindigul"]
[Date "2015.07.27"]
[Round "7"]
[White "Sammed Jaykumar, Shete"]
[Black "Marthandan, KU."]
[Result "1-0"]
[WhiteElo "2267"]
[BlackElo "1907"]
[PlyCount "63"]
[EventDate "2015.07.23"]
[EventType "swiss"]
[EventRounds "11"]
[EventCountry "IND"]
[SourceTitle "EXT 2016"]
[Source "ChessBase"]
[SourceDate "2015.10.08"]
[SourceVersion "1"]
[SourceVersionDate "2015.10.08"]
[SourceQuality "1"]

1. Nf3 Nf6 2. g3 g6 3. Bg2 Bg7 4. 0-0 0-0 5. c4 d6 6. d4 c5 7. b3 Nc6 8. Bb2 Bf5 9. d5 Nb4 10. Nbd2 Rb8 11. Ne1 Bd7 12. Nc2 b5 13. Nxb4 cxb4 14. e4 Ng4 15. Bxg7 Kxg7 16. Qe2 bxc4 17. bxc4 Bc8 18. h3 Ne5 19. f4 Nd7 20. e5 Nc5 21. Kh2 a5 22. g4 Qc7 23. Rae1 Ba6 24. Rf3 Nd7 25. exd6 exd6 26. Re3 Nb6 27. Re7 Qc5 28. Ne4 Qd4 29. Rd1 Bxc4 30. Qc2 Bd3 31. Rxd3 Rbc8 32. Qd1 1-0

[Event "IND-ch U15"]
[Site "Thrissur"]
[Date "2014.08.07"]
[Round "5"]
[White "Iniyan, Panneerseluam"]
[Black "Marthandan, KU."]
[Result "1-0"]
[WhiteElo "2048"]
[BlackElo "1818"]
[PlyCount "119"]
[EventDate "2014.08.04"]
[EventType "swiss"]
[EventRounds "11"]
[EventCountry "IND"]
[SourceTitle "CBM 162 Extra"]
[Source "ChessBase"]
[SourceDate "2014.10.17"]
[SourceVersion "1"]
[SourceVersionDate "2014.10.17"]
[SourceQuality "1"]

1. d4 d5 2. c4 c6 3. Nf3 Nf6 4. Nc3 e6 5. Bg5 h6 6. Bf4 dxc4 7. e4 g5 8. Bg3 b5 9. h4 Bb4 10. Ne5 g4 11. f3 Nh5 12. Bf2 g3 13. Be3 c5 14. a4 cxd4 15. Bxd4 f6 16. Ng6 Nc6 17. Be3 Rg8 18. axb5 Na5 19. Qxd8+ Kxd8 20. 0-0-0+ Bd7 21. Nf4 Nxf4 22. Bxf4 Bxc3 23. bxc3 e5 24. Bxh6 Kc7 25. Be3 Bxb5 26. Rd5 Nb3+ 27. Kc2 a6 28. f4 Rgd8 29. Rxd8 Rxd8 30. fxe5 fxe5 31. h5 Na5 32. Be2 Bc6 33. Bf3 Nb7 34. Rh3 Nd6 35. Rh4 Be8 36. Bg5 Rd7 37. Bf6 Rh7 38. Bxe5 Kd7 39. Bxg3 Nf7 40. Bg4+ Ke7 41. Bf5 Rg7 42. Bg6 Nh8 43. Bxe8 Rxg3 44. Bc6 Rxg2+ 45. Kc1 a5 46. Bd5 Rg1+ 47. Kd2 Rg2+ 48. Ke1 Rg3 49. Kd2 Rg2+ 50. Ke3 a4 51. Bxc4 a3 52. Rh1 Kd6 53. Ra1 Kc5 54. Be2 Nf7 55. Rxa3 Ne5 56. Ra5+ Kd6 57. Ra6+ Ke7 58. c4 Nd7 59. h6 Rh2 60. Bg4 1-0

[Event "Wch U12"]
[Site "Al Ain"]
[Date "2013.12.28"]
[Round "11"]
[White "Ivic, Velimir"]
[Black "Marthandan, KU."]
[Result "1/2-1/2"]
[WhiteElo "1935"]
[BlackElo "1788"]
[PlyCount "100"]
[EventDate "2013.12.18"]
[EventType "swiss"]
[EventRounds "11"]
[EventCountry "UAE"]
[SourceTitle "CBM 158 Extra"]
[Source "ChessBase"]
[SourceDate "2014.02.28"]
[SourceVersion "1"]
[SourceVersionDate "2014.02.28"]
[SourceQuality "1"]

1. e4 e6 2. d3 d5 3. Nd2 Nf6 4. Ngf3 c5 5. g3 Nc6 6. Bg2 Be7 7. 0-0 0-0 8. Re1 b5 9. exd5 exd5 10. d4 Bf5 11. dxc5 Bxc5 12. Nb3 Bb6 13. c3 Re8 14. Bg5 Be4 15. Nbd4 Nxd4 16. Nxd4 Bxg2 17. Kxg2 Rxe1 18. Qxe1 Bxd4 19. cxd4 h6 20. Bf4 Rc8 21. Rc1 Qd7 22. Be5 Rxc1 23. Qxc1 Ne4 24. f3 Nd6 25. b3 f6 26. Bf4 Nb7 27. Qc2 Nd8 28. h4 Nc6 29. Qc5 Nd8 30. Be3 Ne6 31. Qc2 Qc7 32. Qf5 Qc6 33. Qg6 Nf8 34. Qd3 Ne6 35. f4 Nf8 36. f5 Qd7 37. Qc2 Kf7 38. Bf4 Kg8 39. g4 Qe7 40. Kf2 a6 41. Bg3 Kf7 42. Qc7 Qxc7 43. Bxc7 g6 44. Ke2 h5 45. Bd6 hxg4 46. Bxf8 Kxf8 47. fxg6 Kg7 48. h5 f5 49. Ke3 g3 50. Kf3 f4 1/2-1/2

[Event "Wch U12"]
[Site "Al Ain"]
[Date "2013.12.21"]
[Round "4"]
[White "Marthandan, KU."]
[Black "Flasen, Aleksander"]
[Result "1-0"]
[WhiteElo "1788"]
[BlackElo "1468"]
[PlyCount "83"]
[EventDate "2013.12.18"]
[EventType "swiss"]
[EventRounds "11"]
[EventCountry "UAE"]
[SourceTitle "CBM 158 Extra"]
[Source "ChessBase"]
[SourceDate "2014.02.28"]
[SourceVersion "1"]
[SourceVersionDate "2014.02.28"]
[SourceQuality "1"]

1. e4 c5 2. Nf3 d6 3. d4 cxd4 4. Nxd4 Nf6 5. Nc3 a6 6. Bg5 e6 7. f4 Qb6 8. Nb3 Nc6 9. Qe2 Bd7 10. 0-0-0 Rc8 11. a3 Be7 12. e5 dxe5 13. fxe5 Nd5 14. Bd2 Qc7 15. Nxd5 exd5 16. Bc3 Be6 17. g3 b5 18. Kb1 b4 19. axb4 Bxb4 20. Bd4 Nxd4 21. Nxd4 Qb6 22. Qxa6 Rb8 23. Qxb6 Rxb6 24. Bb5+ Bd7 25. Bxd7+ Kxd7 26. Rd3 Rc8 27. Rb3 Bc5 28. Rxb6 Bxb6 29. c3 Rc4 30. Rd1 Rc8 31. Rf1 Ke8 32. Nf5 Kf8 33. e6 Rc6 34. e7+ Ke8 35. Re1 Rg6 36. Kc2 Bc7 37. Ra1 Bb8 38. Re1 Rg5 39. Nd4 Be5 40. Nc6 f6 41. Ra1 Bb8 42. Ra8 1-0

[Event "Wch U12"]
[Site "Al Ain"]
[Date "2013.12.20"]
[Round "3"]
[White "Janzakov, Ansar"]
[Black "Marthandan, KU."]
[Result "1-0"]
[WhiteElo "1543"]
[BlackElo "1788"]
[PlyCount "99"]
[EventDate "2013.12.18"]
[EventType "swiss"]
[EventRounds "11"]
[EventCountry "UAE"]
[SourceTitle "CBM 158 Extra"]
[Source "ChessBase"]
[SourceDate "2014.02.28"]
[SourceVersion "1"]
[SourceVersionDate "2014.02.28"]
[SourceQuality "1"]

1. e4 e6 2. d4 d5 3. Nc3 Nf6 4. Bg5 Be7 5. e5 Nfd7 6. h4 Nc6 7. Nf3 Nb6 8. Bd3 h6 9. Be3 Bd7 10. Qd2 Na5 11. b3 Rc8 12. Ne2 Nc6 13. c3 Na5 14. Qc1 a6 15. g3 Bb5 16. Nf4 Qd7 17. 0-0 c6 18. Qd1 Na8 19. a4 Bxd3 20. Nxd3 b6 21. b4 Nb7 22. Rb1 a5 23. Qb3 Rc7 24. Rfc1 0-0 25. Qa3 Rfc8 26. Rb2 Kh7 27. Kh2 Rf8 28. Qa1 Rfc8 29. Qb1 Kg8 30. c4 axb4 31. Nxb4 Na5 32. Nd2 c5 33. cxd5 exd5 34. dxc5 bxc5 35. Na6 d4 36. Bf4 Ra7 37. Nb8 Qe8 38. Ne4 Nc6 39. Nxc6 Qxc6 40. Nd6 Bxd6 41. exd6 c4 42. Rb8 Rxa4 43. Rxc8+ Qxc8 44. Qb5 Ra2 45. d7 Qd8 46. Qb8 Rxf2+ 47. Kg1 d3 48. Qxd8+ Kh7 49. Kxf2 d2 50. Bxd2 1-0